000
00297nam a22001337a 4500
008
170502b xxu||||| |||| 00| 0 eng d
020
_a
9781576074329
041
_a
eng
080
_2
2ND
_a
34
100
_a
13
101
_a
SHJ
245
_a
CAPITAL PUNISHMENT
_c
KRONENWETTER, M
942
_2
udc
_c
BK
999
_c
12332
_d
12332